<?xml version="1.0" encoding="UTF-8"?>
<record
    xmlns:xsi="http://www.w3.org/2001/XMLSchema-instance"
    xsi:schemaLocation="http://www.loc.gov/MARC21/slim http://www.loc.gov/standards/marcxml/schema/MARC21slim.xsd"
    xmlns="http://www.loc.gov/MARC21/slim">

  <leader>00898nam a22002657a 4500</leader>
  <controlfield tag="003">0</controlfield>
  <controlfield tag="005">20180807124101.0</controlfield>
  <controlfield tag="008">0</controlfield>
  <datafield tag="010" ind1=" " ind2=" ">
    <subfield code="a">B-121862</subfield>
  </datafield>
  <datafield tag="020" ind1=" " ind2=" ">
    <subfield code="c">395.00</subfield>
    <subfield code="a">9788176488129</subfield>
  </datafield>
  <datafield tag="035" ind1=" " ind2=" ">
    <subfield code="a">B-121862, B-121863, B-121866</subfield>
  </datafield>
  <datafield tag="037" ind1=" " ind2=" ">
    <subfield code="b">Cen Lib/Ret</subfield>
  </datafield>
  <datafield tag="040" ind1=" " ind2=" ">
    <subfield code="a">DPL</subfield>
    <subfield code="b">EN</subfield>
    <subfield code="c">0</subfield>
  </datafield>
  <datafield tag="082" ind1=" " ind2=" ">
    <subfield code="a">305.52</subfield>
    <subfield code="b">KAS</subfield>
  </datafield>
  <datafield tag="245" ind1=" " ind2=" ">
    <subfield code="a">Kashmiri pandits :</subfield>
    <subfield code="c">edited by M.L.Pandit [and] T.N.Pandit</subfield>
    <subfield code="b">A contemporary perspective /</subfield>
  </datafield>
  <datafield tag="260" ind1=" " ind2=" ">
    <subfield code="a">New Delhi</subfield>
    <subfield code="b">A P H publishing house corporation </subfield>
    <subfield code="c">2005</subfield>
  </datafield>
  <datafield tag="270" ind1=" " ind2=" ">
    <subfield code="a">5 Ansari road,Darya Ganj</subfield>
    <subfield code="b">New Delhi</subfield>
    <subfield code="e">110002</subfield>
  </datafield>
  <datafield tag="300" ind1=" " ind2=" ">
    <subfield code="a">x,163p. </subfield>
    <subfield code="c">21cm(Hb)</subfield>
  </datafield>
  <datafield tag="500" ind1=" " ind2=" ">
    <subfield code="a">Includes contributors</subfield>
  </datafield>
  <datafield tag="650" ind1=" " ind2=" ">
    <subfield code="a">Kashmiri Pandits -- Social life and customs -- Congresses. </subfield>
    <subfield code="9">74334</subfield>
  </datafield>
  <datafield tag="650" ind1=" " ind2=" ">
    <subfield code="a">Migration, Internal -- India -- Delhi -- Congresses.</subfield>
    <subfield code="9">74335</subfield>
  </datafield>
  <datafield tag="700" ind1=" " ind2=" ">
    <subfield code="a">Pandit, M.L.</subfield>
    <subfield code="9">4065</subfield>
  </datafield>
  <datafield tag="700" ind1=" " ind2=" ">
    <subfield code="a">Pandit, T.N.</subfield>
    <subfield code="9">4066</subfield>
  </datafield>
  <datafield tag="942" ind1=" " ind2=" ">
    <subfield code="2">ddc</subfield>
    <subfield code="c">EN</subfield>
    <subfield code="h">305.52</subfield>
    <subfield code="m">KAS</subfield>
  </datafield>
  <datafield tag="999" ind1=" " ind2=" ">
    <subfield code="c">123087</subfield>
    <subfield code="d">123087</subfield>
  </datafield>
  <datafield tag="952" ind1=" " ind2=" ">
    <subfield code="0">4</subfield>
    <subfield code="1">0</subfield>
    <subfield code="4">0</subfield>
    <subfield code="7">0</subfield>
    <subfield code="a">L</subfield>
    <subfield code="b">L</subfield>
    <subfield code="d">2015-06-02</subfield>
    <subfield code="e">Cen Lib/Ret</subfield>
    <subfield code="g">395.00</subfield>
    <subfield code="l">0</subfield>
    <subfield code="o">305.52 KAS</subfield>
    <subfield code="p">B-121862</subfield>
    <subfield code="r">2015-06-02 00:00:00</subfield>
    <subfield code="t">1</subfield>
    <subfield code="v">395.00</subfield>
    <subfield code="w">2015-06-02</subfield>
    <subfield code="y">EN</subfield>
    <subfield code="z">W/d List No.6843/24; dtd 4/7/2020</subfield>
  </datafield>
  <datafield tag="952" ind1=" " ind2=" ">
    <subfield code="0">0</subfield>
    <subfield code="1">0</subfield>
    <subfield code="2">ddc</subfield>
    <subfield code="4">0</subfield>
    <subfield code="7">0</subfield>
    <subfield code="8">NFIC</subfield>
    <subfield code="a">BL1</subfield>
    <subfield code="b">BL1</subfield>
    <subfield code="d">2018-07-26</subfield>
    <subfield code="e">BPPD/PUB</subfield>
    <subfield code="g">395.00</subfield>
    <subfield code="l">0</subfield>
    <subfield code="o">305.52 KAS</subfield>
    <subfield code="p"> B-121863</subfield>
    <subfield code="r">2018-07-26 00:00:00</subfield>
    <subfield code="v">395.00</subfield>
    <subfield code="w">2018-07-26</subfield>
    <subfield code="y">EN</subfield>
  </datafield>
  <datafield tag="952" ind1=" " ind2=" ">
    <subfield code="0">0</subfield>
    <subfield code="1">0</subfield>
    <subfield code="2">ddc</subfield>
    <subfield code="4">0</subfield>
    <subfield code="7">0</subfield>
    <subfield code="8">NFIC</subfield>
    <subfield code="a">BL4</subfield>
    <subfield code="b">BL4</subfield>
    <subfield code="d">2018-08-07</subfield>
    <subfield code="e">BPPD/PUB</subfield>
    <subfield code="g">395.00</subfield>
    <subfield code="l">1</subfield>
    <subfield code="o">305.52 KAS</subfield>
    <subfield code="p">B-121866</subfield>
    <subfield code="r">2023-04-13 00:00:00</subfield>
    <subfield code="s">2023-03-10</subfield>
    <subfield code="v">395.00</subfield>
    <subfield code="w">2018-08-07</subfield>
    <subfield code="y">EN</subfield>
    <subfield code="z">Legal Case (Register No. 30)</subfield>
  </datafield>
</record>
